Uplatnění absolventů Masarykovy univerzity 2007-2008 v praxi /

Hlavní autor: Nekuda, Jaroslav, 1956-
Další autoři: Sirovátka, Tomáš, 1950-
Jazyk: Čeština
Vydáno: Brno : Masarykova univerzita, 2010
Vydání: 1. vyd.
Témata:
Fyzický popis: 83 s. : il. ; 30 cm
Knihy
Uloženo v:
LEADER 01878nam a2200529 a 4500
001 nkc20102109094
003 CZ PrNK
005 20100730110101.0
007 ta
008 100601s2010 xr a e 000 0 cze
015 |a cnb002109094 
020 |a 978-80-210-5170-6  |q (brož.) 
035 |a (OCoLC)655159394 
040 |a OLA001  |b cze 
043 |a e-xr---  |b e-xr-jm  |2 czenas 
045 |a y0y0 
072 7 |a 331  |x Práce  |2 Konspekt  |9 4 
080 |a 331.53  |2 MRF 
080 |a 378-057.8  |2 MRF 
080 |a 378.4  |2 MRF 
080 |a (437.322)  |2 MRF 
080 |a (048.8)  |2 MRF 
100 1 |a Nekuda, Jaroslav,  |d 1956-  |7 js20080420011  |4 aut 
245 1 0 |a Uplatnění absolventů Masarykovy univerzity 2007-2008 v praxi /  |c Jaroslav Nekuda, Tomáš Sirovátka 
250 |a 1. vyd. 
260 |a Brno :  |b Masarykova univerzita,  |c 2010 
300 |a 83 s. :  |b il. ;  |c 30 cm 
500 |a 150 výt. 
610 2 7 |a Masarykova univerzita  |7 kn20010709056  |2 czenas 
648 4 |a 2007-2008 
650 0 7 |a profesní uplatnění  |7 ph134653  |z Česko  |y 21. století  |2 czenas 
650 0 7 |a absolventi vysokých škol  |7 ph118242  |z Česko  |2 czenas 
650 0 7 |a univerzity  |7 ph126937  |z Česko  |2 czenas 
650 0 9 |a employment  |z Czechia  |y 21st century  |2 eczenas 
650 0 9 |a college graduates  |z Czechia  |2 eczenas 
650 0 9 |a universities  |z Czechia  |2 eczenas 
651 7 |a Brno (Česko)  |7 ge134084  |2 czenas 
651 9 |a Brno (Czechia)  |2 eczenas 
655 7 |a studie  |7 fd133597  |2 czenas 
655 9 |a studies  |2 eczenas 
700 1 |a Sirovátka, Tomáš,  |d 1950-  |7 jn20001227280  |4 aut 
910 2 |a BOA001  |b 4-1245.062 
990 |a BK 
995 |a 01 
991 |b 201007  |c NOV  |e n 
996 6 |b 2610441346  |c 4-1245.062  |l MZK  |r Sklad / do 1 hodiny  |n 4  |p p.v.  |w 001129515  |u 000010  |a 1  |e BOA001  |j MZK50  |s P 
996 7 |b 2610441347  |c 4-1245.062  |l MZK  |r Sklad / do 1 hodiny  |n 15  |p p.v.  |w 001129515  |u 000020  |a 1  |e BOA001  |j MZK50  |s A